000 00520nam a2200181Ia 4500
001 11733
005 20260306162849.0
008 260306t2024||||xx |||||||||||||| ||spa||
041 _aESP
082 _aHR 056
_bMAR 2024 CULTURAL.2
110 _aCentro Cultural Peruano Norteamericano de Arequipa
245 0 _aCultural :
_brevista anual del Centro Cultural Peruano Norteamericano de Arequipa
260 _c2024
300 _a137 páginas :
_c24 cm.
650 _aGEN
654 _aCHU
942 _cREV
_dJUS
_fJUS
_2ddc
_n
999 _c11733
_d11733